000 00571nam a2200169Ia 4500
008 090124s9999 xx 000 0 und d
020 _a81-7171-557-5
082 _b46392
245 _a ग्रंथालयाचा वापर आणि देखभाल
250 _a1
260 _c1995
300 _a69
630 _a ग्रंथालयाचा वापर आणि देखभाल
700 _aदेशमुख पी. पी.
730 _a ग्रंथालयाचा वापर आणि देखभाल
942 _cBOOK
999 _c112612
_d112612